Soccer Logos - Champions League - Statistics

General Stats
  • This quiz has been taken 189 times
    159 since last reset
  • The average score is 32 of 36
Answer Stats
Picture Hint Answer % Correct
Netherlands Ajax
99%
England Arsenal
99%
Spain Atlético Madrid
98%
Spain Barcelona
98%
Germany Bayern Munich
98%
Germany Borussia Dortmund
98%
England Chelsea
98%
Italy Inter
98%
Italy Juventus
98%
England Liverpool
98%
England Manchester City
98%
Italy Napoli
96%
France Paris Saint-Germain
96%
Spain Athletic Club
95%
Portugal Benfica
95%
England Newcastle
95%
Spain Real Madrid
95%
Portugal Sporting CP
95%
England Tottenham Hotspur
95%
Italy Atalanta
94%
Turkey Galatasaray
94%
France Marseille
93%
France Monaco
93%
Germany Eintracht Frankfurt
92%
Netherlands PSV
92%
Belgium Club Brugge
91%
Germany Leverkusen
91%
Greece Olympiacos
90%
Spain Villarreal
85%
Denmark Copenhagen
81%
Norway Bodø/Glimt
76%
Czech Republic Slavia Prague
71%
Kazakhstan Kairat Almaty
65%
Azerbaijan Qarabağ
63%
Cyprus Pafos
58%
Belgium Union Saint-Gilloise
56%
No matching quizzes found
Score Distribution
Percent of People with Each Score
Percentile by Number Answered
Your Score History
You have not taken this quiz since the last reset